000 00929nam a22002057a 4500
001 K121149
008 180909s2018 xxk|||||r|||| 00| 0 eng d
041 _aeng
110 _aRoyal Institution of Chartered Surveyors
245 _aRICS' 150th Anniversary Celebration and Dinner
_b15 June 2018
520 _aMenu, list of guests and programme for RICS Singers celebrating RICS 150th anniversary held at Roux at Parliament Square on 15 June 2018.
650 _aRICS
650 _a150th Anniversary
650 _aRICS Singers
651 _aUnited Kingdom 1973
690 _96226
_aBusiness and management
856 _uhttps://rics.koha-ptfs.co.uk/cgi-bin/koha/opac-retrieve-file.pl?id=53cc835ddf57b1ce66fd6676e5ded12f
_zview a digital image of the menu
856 _uhttps://rics.koha-ptfs.co.uk/cgi-bin/koha/opac-retrieve-file.pl?id=7f2a3afdb90b80cf2dc2085de69ae150
_zscan of programme and guest list
942 _n0
999 _c121149
_d121149